[Event "ODJM A 2016"]
[Site "Willingen GER"]
[Date "2016.05.18"]
[Round "6"]
[White "Weber, Jannis"]
[Black "Beesk, Kevin"]
[Result "1/2-1/2"]
[Termination "normal"]
[Board "13"]
[WhiteElo "1865"]
[BlackElo "1961"]
[PlyCount "45"]
[WhiteFideId "12990760"]
[BlackFideId "1271882"]
[EventCountry "GER"]
[EventRounds "9"]
[EventType "swiss"]
[EventDate "2016.05.14"]

1. e4 c5 2. d4 cxd4 3. c3 dxc3 4. Nxc3 Nc6 5. Nf3 d6 6. Bc4 a6 7. O-O Nf6 8.
Qe2 Bg4 9. Rd1 e6 10. Bf4 Nh5 11. Be3 Ne5 12. Rac1 Bxf3 13. gxf3 Qh4 14. Bb5+
axb5 15. Qxb5+ Nd7 16. Bg5 Qh3 17. Qxb7 Rb8 18. Nd5 f6 19. Rc8+ Rxc8 20. Qxc8+
Kf7 21. Qxd7+ Kg6 22. Be3 h6 23. Ne7+ 1/2-1/2

[Event "ODJM A 2016"]
[Site "Willingen GER"]
[Date "2016.05.18"]
[Round "6"]
[White "Diller, Daniel"]
[Black "Dette, Jan"]
[Result "1/2-1/2"]
[Termination "normal"]
[Board "14"]
[WhiteElo "1903"]
[BlackElo "2023"]
[PlyCount "41"]
[WhiteFideId "12908983"]
[BlackFideId "12936677"]
[EventCountry "GER"]
[EventRounds "9"]
[EventType "swiss"]
[EventDate "2016.05.14"]

1. c4 f5 2. g3 Nf6 3. Bg2 e6 4. Nf3 d5 5. O-O Bd6 6. Nc3 O-O 7. d3 dxc4 8. dxc4
Nc6 9. Qc2 e5 10. Rd1 Qe7 11. Bg5 e4 12. Nd4 Nxd4 13. Rxd4 Be5 14. Rd2 c6 15.
Rad1 h6 16. Bxf6 Qxf6 17. Na4 b6 18. b4 Be6 19. e3 Rad8 20. Bf1 Rxd2 21. Qxd2
1/2-1/2

[Event "ODJM A 2016"]
[Site "Willingen GER"]
[Date "2016.05.18"]
[Round "6"]
[White "Terhuven, Patrick"]
[Black "Visvikis, Christos"]
[Result "1/2-1/2"]
[Termination "normal"]
[Board "15"]
[WhiteElo "2125"]
[BlackElo "1894"]
[PlyCount "44"]
[WhiteFideId "12919098"]
[BlackFideId "12967955"]
[EventCountry "GER"]
[EventRounds "9"]
[EventType "swiss"]
[EventDate "2016.05.14"]

1. Nf3 Nf6 2. c4 e6 3. g3 b6 4. Bg2 Bb7 5. O-O Be7 6. b3 O-O 7. Bb2 c5 8. e3 d6
9. d4 Nbd7 10. Nc3 cxd4 11. exd4 a6 12. d5 exd5 13. cxd5 b5 14. a3 Rc8 15. Nd4
Qb6 16. Re1 Rfe8 17. Rc1 Bf8 18. Qd2 Rxe1+ 19. Rxe1 Rc5 20. Nf5 Ne5 21. Rd1 Bc8
22. Nd4 Bg4 1/2-1/2

[Event "ODJM A 2016"]
[Site "Willingen GER"]
[Date "2016.05.18"]
[Round "6"]
[White "Wagner, Robert"]
[Black "Fistoul, Boris"]
[Result "1/2-1/2"]
[Termination "normal"]
[Board "18"]
[WhiteElo "2009"]
[BlackElo "1876"]
[PlyCount "55"]
[WhiteFideId "24656879"]
[BlackFideId "12953962"]
[EventCountry "GER"]
[EventRounds "9"]
[EventType "swiss"]
[EventDate "2016.05.14"]

1. d4 e6 2. Nf3 f5 3. d5 Be7 4. dxe6 dxe6 5. Qxd8+ Bxd8 6. Bf4 Bf6 7. c3 c5 8.
Nbd2 Ne7 9. e4 Ng6 10. Bd6 Be7 11. exf5 exf5 12. Bxe7 Kxe7 13. O-O-O Nc6 14.
Bb5 Nce5 15. Rhe1 Kf6 16. Nxe5 Nxe5 17. Nc4 Nxc4 18. Bxc4 g6 19. Rd6+ Kg5 20.
h4+ Kh6 21. h5 Kxh5 22. g3 Kh6 23. Re7 Kg5 24. Be2 f4 25. gxf4+ Kxf4 26. Rd5 b6
27. Bd3 Rf8 28. Rxh7 1/2-1/2

[Event "ODJM A 2016"]
[Site "Willingen GER"]
[Date "2016.05.18"]
[Round "6"]
[White "Schimnatkowski, Lukas"]
[Black "Bethke, Robert"]
[Result "1/2-1/2"]
[Termination "normal"]
[Board "19"]
[WhiteElo "1978"]
[BlackElo "1713"]
[PlyCount "91"]
[WhiteFideId "12936723"]
[BlackFideId "12959251"]
[EventCountry "GER"]
[EventRounds "9"]
[EventType "swiss"]
[EventDate "2016.05.14"]

1. Nf3 d5 2. b4 Nf6 3. Bb2 g6 4. e3 Bg7 5. c4 e6 6. Qb3 c6 7. a4 O-O 8. Be2
Nbd7 9. d3 a6 10. Nbd2 b6 11. O-O Bb7 12. Ne5 Nxe5 13. Bxe5 Ne4 14. Bxg7 Nxd2
15. Qb2 Nxf1 16. Bxf8 Qxf8 17. Bxf1 b5 18. axb5 axb5 19. c5 Rxa1 20. Qxa1 Qd8
21. Qe5 h5 22. f4 Kh7 23. g3 Bc8 24. h3 f6 25. Qb8 Qd7 26. Bg2 Kg7 27. Qa8 Qb7
28. Qa1 Qa6 29. Qb2 Qa4 30. Bf3 Kf7 31. Kf2 Qa7 32. g4 hxg4 33. hxg4 Qe7 34.
Qa1 Bd7 35. Qh1 Qf8 36. Kg3 Qg7 37. Qh4 g5 38. Qh5+ Qg6 39. fxg5 fxg5 40. e4
Kg7 41. exd5 exd5 42. Qxg6+ Kxg6 43. Kf2 Kf6 44. Ke3 Ke5 45. d4+ Ke6 46. Bd1
1/2-1/2

[Event "ODJM A 2016"]
[Site "Willingen GER"]
[Date "2016.05.18"]
[Round "6"]
[White "Küppers, Timo"]
[Black "Schilay, Lorenz"]
[Result "1-0"]
[Termination "normal"]
[Board "20"]
[WhiteElo "1894"]
[BlackElo "1762"]
[PlyCount "79"]
[WhiteFideId "16205820"]
[BlackFideId "12930180"]
[EventCountry "GER"]
[EventRounds "9"]
[EventType "swiss"]
[EventDate "2016.05.14"]

1. e4 e5 2. Nf3 Nc6 3. Bb5 a6 4. Ba4 f5 5. d3 d6 6. c3 Nf6 7. Nbd2 h6 8. O-O
Be7 9. Nh4 O-O 10. exf5 Nh7 11. Ng6 Rxf5 12. Nxe7+ Qxe7 13. Ne4 Be6 14. Ng3 Rf7
15. d4 b5 16. Bc2 exd4 17. cxd4 Bc4 18. Re1 Qf6 19. Be3 Nb4 20. Bb3 Nd3 21. Re2
d5 22. Bc2 Nf4 23. Rd2 b4 24. b3 Bb5 25. Bf5 Ne6 26. Qc2 Nhf8 27. Rc1 c6 28.
Bd3 Bxd3 29. Qxd3 Nd8 30. a3 a5 31. Ra2 bxa3 32. Rxa3 Nfe6 33. Ne2 Ng5 34. Nf4
Ne4 35. Qc2 Raa7 36. Rca1 g5 37. Nd3 Ne6 38. Ne5 Rfb7 39. Qxc6 Nf4 40. Bxf4 1-0

[Event "ODJM A 2016"]
[Site "Willingen GER"]
[Date "2016.05.18"]
[Round "6"]
[White "Hinrichs, Niklas"]
[Black "Wastian, Jan"]
[Result "0-1"]
[Termination "normal"]
[Board "21"]
[WhiteElo "1894"]
[BlackElo "1798"]
[PlyCount "68"]
[WhiteFideId "12942499"]
[BlackFideId "12911640"]
[EventCountry "GER"]
[EventRounds "9"]
[EventType "swiss"]
[EventDate "2016.05.14"]

1. d4 d5 2. c4 c6 3. Nf3 Nf6 4. Nc3 e6 5. e3 Nbd7 6. Bd3 dxc4 7. Bxc4 b5 8. Bd3
Bb7 9. e4 b4 10. Na4 c5 11. Nxc5 Nxc5 12. dxc5 Bxc5 13. Qe2 h6 14. Bb5+ Ke7 15.
e5 Ng4 16. O-O Qb6 17. Ba4 Ba6 18. Qe4 Nxf2 19. Qh4+ g5 20. Nxg5 Nh3+ 21. Kh1
Nf2+ 22. Rxf2 Bxf2 23. Qf4 Kd8 24. Nxf7+ Kc7 25. Nxh8 Rxh8 26. Bd2 Bc5 27. Qg3
Kb8 28. Bc2 Bb7 29. Qg7 Qd8 30. Bh7 Rf8 31. Bxh6 Rf2 32. Qg4 Rxg2 33. Qxg2
Bxg2+ 34. Kxg2 Qh4 0-1

[Event "ODJM A 2016"]
[Site "Willingen GER"]
[Date "2016.05.18"]
[Round "6"]
[White "Bösel, Alexander"]
[Black "Lehmann, Tim"]
[Result "1/2-1/2"]
[Termination "normal"]
[Board "22"]
[WhiteElo "1992"]
[BlackElo "1613"]
[PlyCount "42"]
[WhiteFideId "4623185"]
[BlackFideId "12979171"]
[EventCountry "GER"]
[EventRounds "9"]
[EventType "swiss"]
[EventDate "2016.05.14"]

1. e4 c5 2. Nf3 d6 3. d4 cxd4 4. Nxd4 Nf6 5. Nc3 a6 6. h3 e5 7. Nde2 h5 8. g3
Be6 9. Bg2 b5 10. a3 Be7 11. Be3 Nbd7 12. O-O Rc8 13. Qd2 Nb6 14. Bxb6 Qxb6 15.
Nd5 Nxd5 16. exd5 Bf5 17. Rfc1 O-O 18. b4 Bf6 19. c3 a5 20. a4 axb4 21. a5 bxc3
1/2-1/2

[Event "ODJM A 2016"]
[Site "Willingen GER"]
[Date "2016.05.18"]
[Round "6"]
[White "Wensing, Maximilian"]
[Black "Lüßmann, Thomas"]
[Result "0-1"]
[Termination "normal"]
[Board "23"]
[WhiteElo "1814"]
[BlackElo "1915"]
[PlyCount "86"]
[WhiteFideId "16222415"]
[BlackFideId "1270602"]
[EventCountry "GER"]
[EventRounds "9"]
[EventType "swiss"]
[EventDate "2016.05.14"]

1. e4 c6 2. d4 d5 3. e5 Bf5 4. Nf3 e6 5. Be2 Nd7 6. O-O h6 7. c4 Ne7 8. Nc3 g5
9. Ne1 dxc4 10. Bxc4 Nb6 11. Bb3 Ned5 12. Bc2 Nxc3 13. bxc3 Bxc2 14. Qxc2 c5
15. Be3 cxd4 16. cxd4 Rc8 17. Qb3 Qd5 18. Nf3 Be7 19. Rfc1 Kd7 20. Nd2 Rxc1+
21. Rxc1 Rc8 22. Rxc8 Qxb3 23. Nxb3 Kxc8 24. Kf1 Nd5 25. Bd2 Kc7 26. Ke2 Kb6
27. Na5 Ka6 28. g3 Kb6 29. h3 Ka6 30. a4 Kb6 31. f4 gxf4 32. Nc4+ Kc6 33. gxf4
b5 34. axb5+ Kxb5 35. Kd3 h5 36. Nb2 a5 37. Nd1 Bb4 38. Bc1 a4 39. Ke4 a3 40.
f5 a2 41. Bb2 Kc4 42. fxe6 fxe6 43. Kf3 Kd3 0-1

[Event "ODJM A 2016"]
[Site "Willingen GER"]
[Date "2016.05.18"]
[Round "6"]
[White "Niesel, Tobias"]
[Black "Greßmann, Hanna"]
[Result "1/2-1/2"]
[Termination "normal"]
[Board "25"]
[WhiteElo "1973"]
[BlackElo "1781"]
[PlyCount "40"]
[WhiteFideId "12962155"]
[BlackFideId "12930709"]
[EventCountry "GER"]
[EventRounds "9"]
[EventType "swiss"]
[EventDate "2016.05.14"]

1. c4 e5 2. g3 Nc6 3. Bg2 f5 4. Nc3 Nf6 5. d3 Bc5 6. a3 a5 7. e3 O-O 8. Nge2
Qe8 9. Nd5 Nxd5 10. cxd5 Ne7 11. Nc3 d6 12. O-O Ng6 13. Re1 Qf7 14. Qc2 f4 15.
Ne4 f3 16. Bh1 Qxd5 17. Nxc5 Qxc5 18. Qxc5 dxc5 19. Bd2 b6 20. Rac1 Ba6 1/2-1/2

[Event "ODJM A 2016"]
[Site "Willingen GER"]
[Date "2016.05.18"]
[Round "6"]
[White "Krauße, Sandro"]
[Black "Kagan, Dennis"]
[Result "1/2-1/2"]
[Termination "normal"]
[Board "26"]
[WhiteElo "1734"]
[BlackElo "1974"]
[PlyCount "80"]
[WhiteFideId "12953733"]
[BlackFideId "12983578"]
[EventCountry "GER"]
[EventRounds "9"]
[EventType "swiss"]
[EventDate "2016.05.14"]

1. e4 c5 2. Nf3 d6 3. Bb5+ Bd7 4. Bxd7+ Qxd7 5. O-O Nf6 6. Re1 Nc6 7. c3 e6 8.
d4 cxd4 9. cxd4 d5 10. Nc3 dxe4 11. Nxe4 Nxe4 12. Rxe4 Be7 13. Bf4 Qd5 14. Re2
Rd8 15. Rd2 O-O 16. b3 Bb4 17. Rc2 Qe4 18. Qc1 Ba3 19. Qd2 Nxd4 20. Nxd4 Rxd4
21. Rc4 Rxc4 22. bxc4 Qxc4 23. Be3 a6 24. Rd1 h6 25. g3 Qa4 26. h4 Rc8 27. Qe2
Qe4 28. Qh5 Qc6 29. Qg4 Kh8 30. Qh5 Kg8 31. Qg4 Kh7 32. Bd4 Bf8 33. Be3 Qb5 34.
Qe4+ Kg8 35. Rb1 Qc6 36. Qg4 Kh8 37. Kh2 Bc5 38. Rc1 f5 39. Qg6 Qd5 40. h5 b6
1/2-1/2

[Event "ODJM A 2016"]
[Site "Willingen GER"]
[Date "2016.05.18"]
[Round "6"]
[White "Acikel, Mert"]
[Black "Udaykumar, Arunn Mark"]
[Result "0-1"]
[Termination "normal"]
[Board "27"]
[WhiteElo "1883"]
[BlackElo "1724"]
[PlyCount "88"]
[WhiteFideId "12956465"]
[BlackFideId "12965456"]
[EventCountry "GER"]
[EventRounds "9"]
[EventType "swiss"]
[EventDate "2016.05.14"]

1. e4 e6 2. d4 b5 3. Bxb5 Bb7 4. Bd3 f5 5. exf5 exf5 6. Qe2+ Be7 7. Nf3 Nf6 8.
O-O O-O 9. Re1 Ne4 10. Nc3 d5 11. Bxe4 fxe4 12. Ne5 c6 13. f3 Bh4 14. g3 exf3
15. Nxf3 Bf6 16. Qe6+ Kh8 17. Bf4 Bc8 18. Qd6 Bd7 19. Ne5 Qc8 20. Na4 Kg8 21.
Nc5 Bh3 22. c3 Rd8 23. Ned7 Bxd7 24. Nxd7 Qxd7 25. Qe6+ Qxe6 26. Rxe6 Rc8 27.
Rae1 Nd7 28. Rd6 Nf8 29. Kg2 Ng6 30. Ree6 Nxf4+ 31. gxf4 c5 32. Rxd5 cxd4 33.
cxd4 Rc2+ 34. Kh3 Rxb2 35. Ra6 Rb7 36. Kg4 Rd8 37. Rxd8+ Bxd8 38. Kf5 Bb6 39.
d5 Kf7 40. Ra3 Re7 41. h3 Re3 42. Rxe3 Bxe3 43. Ke5 Ke7 44. f5 Bf2 0-1

[Event "ODJM A 2016"]
[Site "Willingen GER"]
[Date "2016.05.18"]
[Round "6"]
[White "Behringer, Tom"]
[Black "Hofmann, Marko"]
[Result "1-0"]
[Termination "normal"]
[Board "28"]
[WhiteElo "1774"]
[BlackElo "1812"]
[PlyCount "55"]
[WhiteFideId "16203496"]
[BlackFideId "12935875"]
[EventCountry "GER"]
[EventRounds "9"]
[EventType "swiss"]
[EventDate "2016.05.14"]

1. d4 Nf6 2. c4 c5 3. d5 b5 4. cxb5 a6 5. bxa6 Bxa6 6. Nc3 g6 7. e4 Bxf1 8.
Kxf1 d6 9. g3 Bg7 10. Kg2 O-O 11. Nf3 Qb6 12. Qe2 Na6 13. Nd2 Rfb8 14. Nc4 Qd8
15. Bd2 Nd7 16. a4 Nb4 17. Bg5 Ne5 18. Nxe5 Bxe5 19. h4 Rb7 20. h5 Rc8 21. hxg6
hxg6 22. f4 Bg7 23. f5 c4 24. fxg6 fxg6 25. Qg4 Qd7 26. Qh4 Nd3 27. Qh7+ Kf8
28. Raf1+ 1-0

[Event "ODJM A 2016"]
[Site "Willingen GER"]
[Date "2016.05.18"]
[Round "6"]
[White "Kornitzky, Tino"]
[Black "Ortmeier, Leonhard"]
[Result "1/2-1/2"]
[Termination "normal"]
[Board "29"]
[WhiteElo "1812"]
[BlackElo "1896"]
[PlyCount "48"]
[WhiteFideId "12970379"]
[BlackFideId "12993662"]
[EventCountry "GER"]
[EventRounds "9"]
[EventType "swiss"]
[EventDate "2016.05.14"]

1. d4 Nf6 2. c4 e5 3. dxe5 Ng4 4. e3 Nxe5 5. Nc3 Nbc6 6. b3 Bc5 7. Bb2 d6 8.
Nf3 Bf5 9. Nd4 Bd7 10. Be2 O-O 11. O-O a5 12. Ne4 Bb6 13. Ng3 f5 14. Qd2 Kh8
15. Nf3 Qe7 16. Rad1 Be6 17. Nd4 Rae8 18. Nxe6 Qxe6 19. Nh5 Rf7 20. Nf4 Qh6 21.
Bh5 Ng6 22. Bxg6 hxg6 23. Nd5 Bc5 24. a3 a4 1/2-1/2

[Event "ODJM A 2016"]
[Site "Willingen GER"]
[Date "2016.05.18"]
[Round "6"]
[White "Buhr, Patrick"]
[Black "Frohnhäuser, Simon"]
[Result "1-0"]
[Termination "normal"]
[Board "30"]
[WhiteElo "1744"]
[BlackElo "1559"]
[PlyCount "163"]
[WhiteFideId "16206436"]
[BlackFideId "16208528"]
[EventCountry "GER"]
[EventRounds "9"]
[EventType "swiss"]
[EventDate "2016.05.14"]

1. c4 Nf6 2. g3 g6 3. Bg2 Bg7 4. Nc3 O-O 5. Nf3 d6 6. O-O c6 7. d4 Qa5 8. Qd3
Qh5 9. Ne1 Bh3 10. g4 Bxg4 11. e4 Bc8 12. f4 Ng4 13. h3 Nh6 14. Ne2 Qa5 15. Ng3
e6 16. Nf3 b5 17. b3 bxc4 18. bxc4 d5 19. Rd1 Ba6 20. Nd2 Qa4 21. Ba3 Rd8 22.
exd5 exd5 23. Bb2 dxc4 24. Qe3 Qb4 25. Ba3 Qa5 26. Bb2 Qb5 27. Rab1 Qxb2 28.
Rxb2 Bxd4 29. Qxd4 Rxd4 30. Rdb1 Nd7 31. Bxc6 Rd8 32. Nf3 Rxf4 33. Kg2 c3 34.
Rb3 c2 35. Rc1 Rc4 36. Bxd7 Rxd7 37. Rb2 Rdc7 38. Ne1 Bb7+ 39. Kf2 Bc8 40.
Rcxc2 Rxc2+ 41. Nxc2 Bxh3 42. Ne3 Ng4+ 43. Nxg4 Bxg4 44. Ne4 Kg7 45. Kg3 Bf5
46. Nd6 Be6 47. Ne8+ Kh6 48. Nxc7 Bf5 49. Ne8 g5 50. Nd6 Be6 51. a3 Kg6 52. Rb7
h5 53. Rxa7 h4+ 54. Kh2 g4 55. Ra5 g3+ 56. Kg2 f5 57. Kf3 Kf6 58. Rc5 Bd7 59.
Nc4 f4 60. Ne5 Be6 61. Ng4+ Ke7 62. Kxf4 g2 63. Rc1 h3 64. Nh2 Bc4 65. Kg3 Kd6
66. Kxh3 Bf1 67. Rxf1 gxf1=Q+ 68. Nxf1 Kc5 69. Nd2 Kb5 70. Nb1 Ka4 71. Kg3 Kb3
72. Kf4 Ka4 73. Ke4 Ka5 74. Kd5 Kb5 75. Nc3+ Ka6 76. Kc5 Ka5 77. Nb5 Ka4 78.
Kb6 Kb3 79. Ka5 Kc4 80. a4 Kc5 81. Ka6 Kc6 82. a5 1-0

[Event "ODJM A 2016"]
[Site "Willingen GER"]
[Date "2016.05.18"]
[Round "6"]
[White "Schmidt, Daniel"]
[Black "Wachinger, Nikolas"]
[Result "1/2-1/2"]
[Termination "normal"]
[Board "31"]
[WhiteElo "1861"]
[BlackElo "1542"]
[PlyCount "68"]
[WhiteFideId "12957950"]
[BlackFideId "12962791"]
[EventCountry "GER"]
[EventRounds "9"]
[EventType "swiss"]
[EventDate "2016.05.14"]

1. c4 g6 2. d4 Nf6 3. Nf3 Bg7 4. g3 O-O 5. Bg2 d6 6. O-O Nc6 7. d5 Na5 8. Nbd2
c5 9. Qc2 a6 10. Rb1 b5 11. b3 Bd7 12. Bb2 bxc4 13. bxc4 Rb8 14. e4 Rb4 15. Bc3
Ba4 16. Qd3 Rxb1 17. Rxb1 Qc7 18. e5 Ne8 19. exd6 exd6 20. Bxg7 Nxg7 21. Qc3 f5
22. Qb2 Ra8 23. Qb6 Qxb6 24. Rxb6 Ne8 25. Ng5 Bd7 26. Kf1 Nxc4 27. Nxc4 Bb5 28.
a4 Bxc4+ 29. Ke1 Ra7 30. Kd2 Re7 31. Kc3 Be2 32. Ne6 Kf7 33. Kd2 Bc4 34. Kc3
Be2 1/2-1/2

[Event "ODJM A 2016"]
[Site "Willingen GER"]
[Date "2016.05.18"]
[Round "6"]
[White "Grohmann, Alexander"]
[Black "Isler, Benjamin"]
[Result "1-0"]
[Termination "normal"]
[Board "32"]
[WhiteElo "1801"]
[BlackElo "1700"]
[PlyCount "59"]
[WhiteFideId "12947679"]
[BlackFideId "12975478"]
[EventCountry "GER"]
[EventRounds "9"]
[EventType "swiss"]
[EventDate "2016.05.14"]

1. e4 e5 2. Nf3 Nc6 3. Bc4 Nf6 4. d3 Bc5 5. c3 a6 6. Nbd2 d6 7. Bb3 Be6 8. Bc2
O-O 9. h3 b5 10. Nf1 d5 11. Ng3 dxe4 12. dxe4 Qxd1+ 13. Bxd1 Rad8 14. O-O Rd6
15. b4 Ba7 16. Be2 Nd7 17. a4 Rb8 18. axb5 axb5 19. Bb2 Rb7 20. Ra3 Bb8 21.
Rfa1 f6 22. Bc1 Na7 23. Be3 Nb6 24. Bc5 Rd8 25. Ra6 Na4 26. Bxa7 Bxa7 27. Rxe6
Ra8 28. Rc1 Kf7 29. Rc6 Ke8 30. c4 1-0

[Event "ODJM A 2016"]
[Site "Willingen GER"]
[Date "2016.05.18"]
[Round "6"]
[White "Wieber, Dominik"]
[Black "Dietz, Florian"]
[Result "0-1"]
[Termination "normal"]
[Board "34"]
[WhiteElo "1855"]
[BlackElo "1803"]
[PlyCount "97"]
[WhiteFideId "24699012"]
[BlackFideId "12939897"]
[EventCountry "GER"]
[EventRounds "9"]
[EventType "swiss"]
[EventDate "2016.05.14"]

1. e4 c5 2. g3 Nc6 3. Bg2 g6 4. Nc3 Bg7 5. d3 Nf6 6. Nge2 d6 7. O-O O-O 8. Be3
e5 9. h3 Be6 10. f4 Rb8 11. f5 Bd7 12. g4 Ne8 13. Qd2 f6 14. Nd5 g5 15. c4 Nc7
16. Nec3 Rf7 17. a3 Nxd5 18. Nxd5 b5 19. cxb5 Rxb5 20. b4 cxb4 21. Nxb4 Qb8 22.
Rfc1 Nxb4 23. axb4 Be8 24. Qa2 Rxb4 25. Bxa7 Qb5 26. Rc8 Qd7 27. Rac1 Ra4 28.
Qe6 Qxe6 29. fxe6 Re7 30. Bb8 Rxe6 31. Rd8 Rd4 32. Rcc8 Kf7 33. Ba7 Ra4 34. Bb8
Ra6 35. Bf1 Bb5 36. Kf2 Re8 37. Bxd6 Rxd6 38. Rc7+ Re7 39. Rxe7+ Kxe7 40. Rb8
Bd7 41. Rb7 Bf8 42. Ke3 Kd8 43. Ra7 Rc6 44. Ra8+ Rc8 45. Ra6 Bc5+ 46. Kd2 Ke7
47. Ra2 Rb8 48. Kc1 Be6 49. Rc2 0-1

[Event "ODJM A 2016"]
[Site "Willingen GER"]
[Date "2016.05.18"]
[Round "6"]
[White "Kappelmann, Florian"]
[Black "Nguyen, Ha Thanh"]
[Result "0-1"]
[Termination "normal"]
[Board "35"]
[WhiteElo "1643"]
[BlackElo "1704"]
[PlyCount "78"]
[WhiteFideId "12973165"]
[BlackFideId "12942154"]
[EventCountry "GER"]
[EventRounds "9"]
[EventType "swiss"]
[EventDate "2016.05.14"]

1. d4 f5 2. Bf4 Nf6 3. e3 g6 4. Be2 Bg7 5. c4 O-O 6. Nc3 d6 7. h3 Qe8 8. Nf3 c6
9. O-O h6 10. Rc1 Nh7 11. b4 e5 12. Bh2 f4 13. Ne4 Qe7 14. dxe5 dxe5 15. Qd6
Qe8 16. c5 Bf5 17. Nfd2 Na6 18. Bc4+ Kh8 19. Bxa6 bxa6 20. Qc7 Bxe4 21. Nxe4
Qe6 22. Nd6 f3 23. Qxc6 Ng5 24. h4 fxg2 25. Qxg2 Nf3+ 26. Kh1 Nxh4 27. Qg3 g5
28. Ne4 Rf3 29. Nxg5 hxg5 30. Qxg5 Qh3 31. Rg1 Nf5 32. Rc2 Qh7 33. c6 Rh3 34.
f3 Ng3+ 35. Rxg3 Rxg3 36. Qxg3 Qxc2 37. Qh3+ Qh7 38. Qd7 Rg8 39. c7 Qb1+ 0-1

[Event "ODJM A 2016"]
[Site "Willingen GER"]
[Date "2016.05.18"]
[Round "6"]
[White "Buller, Ian Joshua"]
[Black "Bangert, Benjamin"]
[Result "1/2-1/2"]
[Termination "normal"]
[Board "36"]
[WhiteElo "1424"]
[BlackElo "1776"]
[PlyCount "59"]
[WhiteFideId "12990655"]
[BlackFideId "24692654"]
[EventCountry "GER"]
[EventRounds "9"]
[EventType "swiss"]
[EventDate "2016.05.14"]

1. e4 e6 2. d4 d5 3. exd5 exd5 4. Nf3 Nf6 5. Bd3 Bg4 6. O-O Be7 7. Bf4 O-O 8.
Nbd2 Nbd7 9. c3 c6 10. Qc2 h6 11. Rae1 Re8 12. Ne5 Nxe5 13. Bxe5 Nd7 14. Bg3
Nf8 15. f4 c5 16. Nf3 Bxf3 17. Rxf3 cxd4 18. cxd4 Bf6 19. Rxe8 Qxe8 20. Bf2 Ne6
21. Qd2 Nxd4 22. Bh7+ Kxh7 23. Bxd4 Bxd4+ 24. Qxd4 Qe4 25. Qxe4+ dxe4 26. Rb3
b6 27. Kf2 f5 28. Rc3 Rd8 29. Ke2 Rd7 30. h3 1/2-1/2

[Event "ODJM A 2016"]
[Site "Willingen GER"]
[Date "2016.05.18"]
[Round "6"]
[White "Zeuner, Ole"]
[Black "Aengenheister, Dennis"]
[Result "1/2-1/2"]
[Termination "normal"]
[Board "37"]
[WhiteElo "1567"]
[BlackElo "1749"]
[PlyCount "153"]
[WhiteFideId "12943576"]
[BlackFideId "16225490"]
[EventCountry "GER"]
[EventRounds "9"]
[EventType "swiss"]
[EventDate "2016.05.14"]

1. e4 e6 2. d4 d5 3. Nd2 c5 4. exd5 exd5 5. Ngf3 Nc6 6. Bb5 Bd6 7. dxc5 Bxc5 8.
O-O Nge7 9. Nb3 Bd6 10. Re1 O-O 11. Bd3 Bf5 12. Bg5 Qd7 13. Nbd4 Bxd3 14. Qxd3
Rfe8 15. Rad1 Rac8 16. c3 Bb8 17. Bh4 Ng6 18. Bg3 Bxg3 19. hxg3 Nce5 20. Nxe5
Nxe5 21. Qf5 g6 22. Qxd7 Nxd7 23. Rxe8+ Rxe8 24. Kf1 a6 25. Nb3 Nf6 26. f3 Kf8
27. Re1 b6 28. Nd4 Rxe1+ 29. Kxe1 Ke8 30. Ke2 Kd7 31. Ke3 Kd6 32. Kf4 h6 33. g4
Nd7 34. b3 b5 35. Ke3 Kc5 36. b4+ Kd6 37. g3 Ne5 38. Nb3 Nc4+ 39. Kd3 Kc6 40.
Nc5 a5 41. f4 axb4 42. cxb4 Nb2+ 43. Kc2 Nc4 44. Kd3 Kd6 45. Nb7+ Ke6 46. Nc5+
Kd6 47. Nb7+ Kc7 48. Nc5 Kc6 49. Ke2 d4 50. Kd3 Kd5 51. Nb3 Nb2+ 52. Kc2 Na4
53. Kd3 Nc3 54. Nxd4 Nxa2 55. Nxb5 Nxb4+ 56. Ke3 Nc2+ 57. Kd3 Ne1+ 58. Ke2 Nc2
59. Kd3 Nb4+ 60. Ke3 Nc6 61. Nc3+ Ke6 62. Ke4 Ne7 63. Nb5 Nd5 64. Nd4+ Kd6 65.
Ne2 Nf6+ 66. Kf3 Kd5 67. Nc3+ Kc4 68. Ne4 Ne8 69. Nd2+ Kd5 70. Ne4 Kd4 71. Nd2
Kd3 72. Nb3 Nc7 73. Nc1+ Kd2 74. Nb3+ Kc3 75. Nc1 Nb5 76. Ke3 Nd6 77. Ne2+
1/2-1/2

[Event "ODJM A 2016"]
[Site "Willingen GER"]
[Date "2016.05.18"]
[Round "6"]
[White "Steffens, Oliver"]
[Black "Reucker, Friedrich"]
[Result "1-0"]
[Termination "normal"]
[Board "39"]
[WhiteElo "1814"]
[BlackElo "1776"]
[PlyCount "77"]
[WhiteFideId "12947148"]
[BlackFideId "12993670"]
[EventCountry "GER"]
[EventRounds "9"]
[EventType "swiss"]
[EventDate "2016.05.14"]

1. e4 e6 2. d4 d5 3. Nd2 Nf6 4. e5 Nfd7 5. Bd3 c5 6. c3 Nc6 7. Ne2 cxd4 8. cxd4
f6 9. Nf4 Nxd4 10. Qh5+ Ke7 11. Ng6+ hxg6 12. exf6+ Nxf6 13. Qxh8 Kf7 14. O-O
Bd7 15. Re1 Bd6 16. Qxd8 Rxd8 17. Nb3 Nc6 18. Be3 Rh8 19. h3 e5 20. Bc5 Bc7 21.
Rac1 a6 22. Ba3 e4 23. Bf1 Bf4 24. Rc2 Bf5 25. g4 Ne5 26. Nd4 Bd7 27. Rd1 Nexg4
28. hxg4 Bxg4 29. Be2 Bh2+ 30. Kg2 Bf4 31. Bxg4 Rh2+ 32. Kf1 Nxg4 33. b3 e3 34.
f3 e2+ 35. Rxe2 Rh1+ 36. Kg2 Rh2+ 37. Kg1 Rxe2 38. Nxe2 Be3+ 39. Kg2 1-0

[Event "ODJM A 2016"]
[Site "Willingen GER"]
[Date "2016.05.18"]
[Round "6"]
[White "Lohrmann, Tabea"]
[Black "Roos, Elias"]
[Result "1-0"]
[Termination "normal"]
[Board "40"]
[WhiteElo "1649"]
[BlackElo "1722"]
[PlyCount "97"]
[WhiteFideId "12911941"]
[BlackFideId "12953415"]
[EventCountry "GER"]
[EventRounds "9"]
[EventType "swiss"]
[EventDate "2016.05.14"]

1. e4 e6 2. d4 d5 3. exd5 exd5 4. Nf3 Bd6 5. c4 c6 6. Nc3 Nf6 7. c5 Be7 8. Bd3
b6 9. b4 a5 10. Qa4 b5 11. Qb3 a4 12. Qc2 Nbd7 13. O-O O-O 14. Bf4 h6 15. h3
Re8 16. Ne2 Nf8 17. Ne5 Bd7 18. Ng3 Ne6 19. Be3 Bf8 20. Rae1 Re7 21. Qd2 Be8
22. a3 Rc7 23. Nf5 Kh8 24. Bc2 Ng8 25. Re2 f6 26. Nf3 Ng5 27. Nh2 Ne7 28. Rfe1
Nxf5 29. Bxf5 Ne4 30. Qd3 Re7 31. Bf4 Ng5 32. h4 Nf7 33. Bg6 Raa7 34. Re6 Rxe6
35. Rxe6 Bd7 36. Bxf7 Bxe6 37. Bxe6 Re7 38. Bf5 Re1+ 39. Nf1 Re8 40. Bg6 Re6
41. Ne3 f5 42. Bxf5 Re8 43. Bg6 Re6 44. h5 Be7 45. Be5 Bf6 46. Qf5 Qe7 47. Ng4
Bg5 48. Bf7 Rf6 49. Qc8+ 1-0